000
00235nam a22000857a 4500
008
170603b xxu||||| |||| 00| 0 eng d
100
_9
3245
_a
Press. J
245
_a
Barom beef burger and demond the dragon
260
_a
New Delhi
_b
Parragon
_c
1997
999
_c
6559
_d
6559